Arah-arah strategik perkhidmatan awam di Malaysia = Strategic directions for the civil service of Malaysia selected speeches of Tan Sri Dato' Seri Ahmad Sarji Bin Abdul Hamid, Chief Secretary to the Government, Malaysia (Record no. 2113)
[ view plain ]
| 000 -LEADER | |
|---|---|
| fixed length control field | nam a22 a 4500 |
| 003 - CONTROL NUMBER IDENTIFIER | |
| control field | AKMAL |
| 005 - DATE AND TIME OF LATEST TRANSACTION | |
| control field | 20170515114611.0 |
| 008 - FIXED-LENGTH DATA ELEMENTS--GENERAL INFORMATION | |
| fixed length control field | 170515s1995 my 00 may d |
| 020 ## - INTERNATIONAL STANDARD BOOK NUMBER | |
| International Standard Book Number | 9679933458: |
| Terms of availability | RM54.00 |
| 040 ## - CATALOGING SOURCE | |
| Original cataloging agency | AKMAL |
| Transcribing agency | AKMAL |
| 082 04 - DEWEY DECIMAL CLASSIFICATION NUMBER | |
| Classification number | 354.59507 AHM |
| 090 ## - LOCALLY ASSIGNED LC-TYPE CALL NUMBER (OCLC); LOCAL CALL NUMBER (RLIN) | |
| Classification number (OCLC) (R) ; Classification number, CALL (RLIN) (NR) | 354.59507 |
| Local cutter number (OCLC) ; Book number/undivided call number, CALL (RLIN) | AHM |
| 100 ## - MAIN ENTRY--PERSONAL NAME | |
| Personal name | Ahmad Sarji Abdul Hamid, |
| Titles and words associated with a name | Tan Sri Dato' Seri, |
| Dates associated with a name | 1938- |
| 9 (RLIN) | 508 |
| 245 10 - TITLE STATEMENT | |
| Title | Arah-arah strategik perkhidmatan awam di Malaysia = Strategic directions for the civil service of Malaysia selected speeches of Tan Sri Dato' Seri Ahmad Sarji Bin Abdul Hamid, Chief Secretary to the Government, Malaysia |
| 260 ## - PUBLICATION, DISTRIBUTION, ETC. | |
| Place of publication, distribution, etc. | Kuala Lumpur : |
| Name of publisher, distributor, etc. | Institut Tadbiran Awam Negara, |
| Date of publication, distribution, etc. | 1995 |
| 300 ## - PHYSICAL DESCRIPTION | |
| Extent | xxxi, 343ms. ; |
| Dimensions | 22cm |
| 500 ## - GENERAL NOTE | |
| General note | Mengandungi indeks |
| 650 ## - SUBJECT ADDED ENTRY--TOPICAL TERM | |
| Topical term or geographic name entry element | Civil service |
| Geographic subdivision | Malaysia |
| 9 (RLIN) | 420 |
| 650 ## - SUBJECT ADDED ENTRY--TOPICAL TERM | |
| Topical term or geographic name entry element | Civil service reform |
| Geographic subdivision | Malaysia |
| 9 (RLIN) | 540 |
| 650 ## - SUBJECT ADDED ENTRY--TOPICAL TERM | |
| Topical term or geographic name entry element | Public administrations |
| Geographic subdivision | Malaysia |
| 9 (RLIN) | 421 |
| 650 ## - SUBJECT ADDED ENTRY--TOPICAL TERM | |
| Topical term or geographic name entry element | Administrative agencies |
| Geographic subdivision | Malaysia |
| 9 (RLIN) | 548 |
| 650 ## - SUBJECT ADDED ENTRY--TOPICAL TERM | |
| Topical term or geographic name entry element | Leadership |
| 9 (RLIN) | 120 |
| 650 ## - SUBJECT ADDED ENTRY--TOPICAL TERM | |
| Topical term or geographic name entry element | Quality assurance |
| Geographic subdivision | Malaysia |
| 9 (RLIN) | 547 |
| 650 ## - SUBJECT ADDED ENTRY--TOPICAL TERM | |
| Topical term or geographic name entry element | Information technology |
| Geographic subdivision | Malaysia |
| 9 (RLIN) | 542 |
| 942 ## - ADDED ENTRY ELEMENTS (KOHA) | |
| Source of classification or shelving scheme | |
| Koha item type | Book |
| Withdrawn status | Lost status | Source of classification or shelving scheme | Damaged status | Not for loan | Collection code | Home library | Current library | Shelving location | Date acquired | Inventory number | Total Checkouts | Full call number | Barcode | Date last seen | Price effective from | Koha item type |
|---|---|---|---|---|---|---|---|---|---|---|---|---|---|---|---|---|
| NON-FICTION | AKMAL Melaka | AKMAL Melaka | PINJAMAN | 15.05.2017 | 002485 | 354.59507 AHM | 201706277 | 15.05.2017 | 15.05.2017 | Book | ||||||
| NON-FICTION | AKMAL Melaka | AKMAL Melaka | PINJAMAN | 15.05.2017 | 002340 | 354.59507 AHM | 302340 | 15.05.2017 | 15.05.2017 | Book |
